Banderas de Reclamaciones Antárticas - Estadísticas

Estadísticas generales
  • Esta prueba ha sido intentada 16 veces
  • La puntuación promedio es 3 de 7
Estadísticas de respuestas
Imagen Respuesta % Correcto
Antártida Argentina
69%
Antártica Chilena
54%
Tierras Australes y Antárticas Francesas
54%
Territorio Antártico Australiano
46%
Territorio Antártico Británico
46%
Dependencia Ross
38%
Tierra de la Reina Maud
38%
No se encontraron pruebas coincidentes
Distribución de puntuación
Porcentaje de gente con cada puntuación
Porcentaje por número respondido
Historial de tus puntuaciones
No has intentado esta prueba.